[Event "Michigan Team"]
[Site "Ann Arbor, MI"]
[Date "1997.??.??"]
[Round "3.21"]
[White "Goerke, Jesse"]
[Black "Kamberi, Sonny"]
[Result "0-1"]
[WhiteElo "1605"]
[BlackElo "2275"]
[PlyCount "70"]
[EventDate "1997.??.??"]

{3/2} 1. e4 e5 2. Nf3 Nf6 3. Nc3 Nc6 4. Bc4 Nxe4 5. Bxf7+ Kxf7 6. Nxe4 d5 7.
Neg5+ Kg8 8. d4 h6 9. Nh3 Bg4 10. Nhg1 Nxd4 11. h3 Nxf3+ 12. Nxf3 Bxf3 13. Qxf3
c6 14. Qf5 Qf6 15. Qxf6 gxf6 16. O-O Bc5 17. Be3 d4 18. Bd2 Kf7 19. Kh1 h5 20.
f4 e4 21. b4 Bd6 22. c3 e3 23. Bc1 e2 24. Re1 d3 25. Rb1 h4 26. Rb2 Rhg8 27.
Be3 Rg3 28. Bf2 Bxf4 29. Bxg3 Bxg3 30. Rexe2 dxe2 31. Rxe2 Rd8 32. Re1 Bxe1 33.
Kg1 Bg3 34. Kf1 Re8 35. Kg1 Re1# 0-1

[Event "Tecumseh (RVO/1/18)"]
[Site "?"]
[Date "1997.??.??"]
[Round "?"]
[White "Gillom, Donte"]
[Black "King, Kenny"]
[Result "0-1"]
[WhiteElo "1605"]
[BlackElo "1645"]
[PlyCount "66"]
[EventDate "1997.??.??"]

{1/(18)} 1. e4 e6 2. Nc3 d5 3. exd5 exd5 4. Qe2+ Be7 5. d4 Nf6 6. Bd2 O-O 7.
O-O-O Re8 8. Nf3 c6 9. Re1 Bb4 10. Qd1 Bf5 11. Rxe8+ Qxe8 12. a3 Ba5 13. Be2
Nbd7 14. Re1 Qd8 15. b4 Bc7 16. h3 a5 17. Na2 axb4 18. Bxb4 Ba5 19. Qd2 Ne4 20.
Bxa5 Rxa5 21. Qb4 Qa8 22. Kb2 c5 23. dxc5 Ndxc5 24. g4 Ra4 25. Qb6 Rxa3 26. Nb4
Na4+ 27. Kxa3 Nxb6+ 28. Kb3 Be6 29. Nd3 Nc4 30. c3 Qa3+ 31. Kc2 Qxc3+ 32. Kd1
Nxf2+ 33. Nxf2 Nb2# 0-1

[Event "Tecumseh (RVO/1/17)"]
[Site "?"]
[Date "1997.??.??"]
[Round "?"]
[White "Gentry, Loyd"]
[Black "Vasos, Brandon"]
[Result "1-0"]
[WhiteElo "1685"]
[BlackElo "1605"]
[PlyCount "120"]
[EventDate "1997.??.??"]

{1/(17)} 1. b4 b6 2. Bb2 Bb7 3. e3 Nf6 4. f4 g6 5. Nf3 Bg7 6. Bd3 O-O 7. O-O
Nc6 8. f5 e5 9. fxg6 hxg6 10. Nxe5 Nxe5 11. Bxe5 d6 12. Bxf6 Bxf6 13. Nc3 Bg7
14. Qg4 Bc8 15. Qe2 Qg5 16. Ne4 Qg4 17. Qxg4 Bxg4 18. Nf6+ Bxf6 19. Rxf6 c5 20.
bxc5 dxc5 21. Raf1 Kg7 22. e4 Rae8 23. R6f4 Be6 24. Bb5 Rd8 25. d3 Bxa2 26. Ra1
g5 27. Rg4 Be6 28. Rxg5+ Kh6 29. Rg3 a5 30. Rf1 Rg8 31. Rf6+ Kh7 32. Rxg8 Kxg8
33. Rf1 Bd7 34. Rb1 Bxb5 35. Rxb5 a4 36. Rxb6 Ra8 37. Rb1 a3 38. Ra1 a2 39. Kf2
Kg7 40. Ke3 Kf6 41. Kf4 Ra3 42. g4 Ra6 43. h4 Kg7 44. g5 f6 45. Kf5 fxg5 46.
hxg5 Ra3 47. e5 Ra6 48. e6 Kf8 49. Kf6 Ra7 50. g6 Ra6 51. c3 Kg8 52. g7 Ra7 53.
e7 Ra6+ 54. Kf5 Ra8 55. Rxa2 Rxa2 56. e8=Q+ Kxg7 57. Qe7+ Kh6 58. Qe6+ Kh7 59.
Qxa2 Kh6 60. Qf7 c4 1-0

[Event "Tecumseh (RVO/3/5)"]
[Site "?"]
[Date "1997.??.??"]
[Round "?"]
[White "Gentry, Loyd"]
[Black "Anderson, James A"]
[Result "1-0"]
[WhiteElo "1685"]
[BlackElo "1875"]
[PlyCount "73"]
[EventDate "1997.??.??"]

{3/(5)} 1. b4 Nf6 2. Bb2 e6 3. a3 Be7 4. e3 d5 5. f4 Nbd7 6. Nf3 b6 7. h3 Ne4
8. h4 Ndf6 9. Ng5 h6 10. Nxe4 Nxe4 11. Bb5+ Bd7 12. Bxd7+ Kxd7 13. Qg4 Bf6 14.
Nc3 h5 15. Qh3 Nxc3 16. Bxc3 Bxc3 17. dxc3 Qf6 18. Kd2 Rac8 19. Qf3 g6 20. e4
c6 21. e5 Qf5 22. Ra2 Rc7 23. a4 a5 24. Rha1 Ra7 25. Rb1 Rb7 26. b5 c5 27. Re1
Ke7 28. Re2 Rd7 29. Ra1 Rdd8 30. Rd1 Rd7 31. Kc1 Rc8 32. c4 Rcd8 33. Red2 d4
34. g3 Ke8 35. c3 d3 36. Qc6 Rb8 37. Rxd3 1-0

[Event "Lansing (MOR/4/38)"]
[Site "?"]
[Date "1997.??.??"]
[Round "?"]
[White "Gatesy, Matthew"]
[Black "Rosebrook, G."]
[Result "1-0"]
[WhiteElo "1605"]
[BlackElo "1605"]
[PlyCount "55"]
[EventDate "1997.??.??"]

{4/(38)} 1. d4 Nf6 2. c4 g6 3. Nc3 Bg7 4. e4 d6 5. Nf3 Nc6 6. Bg5 Bg4 7. Be2
Bxf3 8. Bxf3 O-O 9. O-O a6 10. Qd2 e5 11. d5 Na5 12. Qd3 b5 13. cxb5 Nb7 14.
bxa6 Nc5 15. Qc4 Rxa6 16. b4 Ncxe4 17. Qxa6 Nxc3 18. Rfc1 Qb8 19. Rxc3 Qxb4 20.
Rxc7 Ne4 21. Bxe4 Qxe4 22. Qxd6 Rb8 23. h3 Bf8 24. Qf6 Qxd5 25. Rac1 h6 26. Be3
Re8 27. a4 Re6 28. Qxf7+ 1-0

[Event "Lansing (MOR/2/25)"]
[Site "?"]
[Date "1997.??.??"]
[Round "?"]
[White "Gatesy, Matthew"]
[Black "Morian, William"]
[Result "0-1"]
[WhiteElo "1605"]
[BlackElo "1605"]
[PlyCount "74"]
[EventDate "1997.??.??"]

{2/(25)} 1. d4 Nf6 2. c4 e6 3. Nc3 Bb4 4. Qc2 d5 5. Bg5 O-O 6. Nf3 c5 7. e3 Nc6
8. Bd3 h6 9. Bh4 cxd4 10. exd4 dxc4 11. Bxc4 Nxd4 12. Nxd4 Qxd4 13. Be2 Qxh4
14. O-O b6 15. Nb5 Bb7 16. a3 Qg5 17. f3 Qc5+ 18. Qxc5 Bxc5+ 19. Kh1 Ba6 20. f4
Bxb5 21. Bxb5 a6 22. Bd3 b5 23. Rae1 Rad8 24. Bc2 Rd2 25. Bb1 Rf2 26. Rg1 Rxf4
27. Rgf1 Rxf1+ 28. Rxf1 Rd8 29. b4 Bb6 30. Rc1 Rd2 31. h3 g6 32. Rc6 Rd1+ 33.
Kh2 Bg1+ 34. Kh1 Rxb1 35. Rc2 Bd4+ 36. Kh2 Be5+ 37. g3 Rb2 0-1

[Event "Lansing (MOR/7/27)"]
[Site "?"]
[Date "1997.??.??"]
[Round "?"]
[White "Gatesy, Matthew"]
[Black "Charrette, B."]
[Result "0-1"]
[WhiteElo "1605"]
[BlackElo "1605"]
[PlyCount "52"]
[EventDate "1997.??.??"]

{7/(27)} 1. d4 Nf6 2. c4 e5 3. d5 Bc5 4. Nc3 d6 5. Nf3 c6 6. e4 Qb6 7. Qe2 Ng4
8. Nd1 Nf6 9. g3 cxd5 10. cxd5 O-O 11. Bg2 Bd7 12. a4 Bb4+ 13. Bd2 Bg4 14. O-O
Bxd2 15. Qxd2 Nxe4 16. Qc2 Bf5 17. Qe2 Nc5 18. Ng5 Bd3 19. Qh5 h6 20. Be4 Nxe4
21. Nxe4 Bxe4 22. Ne3 Qxb2 23. Rac1 Nd7 24. Qd1 Rac8 25. Ra1 Nf6 26. Qe1 Bd3
0-1

[Event "Lansing (MOR/1b/16)"]
[Site "?"]
[Date "1997.??.??"]
[Round "?"]
[White "Gatesy, Matthew"]
[Black "Aldrich, Justin"]
[Result "1-0"]
[WhiteElo "1605"]
[BlackElo "1605"]
[PlyCount "67"]
[EventDate "1997.??.??"]

1. d4 d5 2. c4 c6 3. Nc3 Nf6 4. Nf3 e6 5. Bg5 Be7 6. e3 Nbd7 7. Qc2 h6 8. Bh4
O-O 9. Bd3 dxc4 10. Bxc4 b6 11. O-O Bb7 12. e4 Rc8 13. Rfe1 c5 14. d5 exd5 15.
exd5 Bd6 16. Qf5 g6 17. Qd3 Qc7 18. Nb5 Bxh2+ 19. Nxh2 Qb8 20. Bg3 Qa8 21. Nc7
Rxc7 22. Bxc7 a6 23. Qd2 Kh7 24. Bd6 Rh8 25. Be5 Rd8 26. Bxf6 Nxf6 27. d6 Bxg2
28. Bxf7 Bh3 29. f3 Qb8 30. Re7 Ng8 31. Bxg8+ Kxg8 32. Qd5+ Kh8 33. Qe5+ Kg8
34. Qg7# 1-0

[Event "Lansing (MI Op/4/18)"]
[Site "?"]
[Date "1997.??.??"]
[Round "?"]
[White "Garrison, Ray"]
[Black "Sparks, Frazier"]
[Result "1-0"]
[WhiteElo "1965"]
[BlackElo "1875"]
[PlyCount "77"]
[EventDate "1997.??.??"]

{4/(18)} 1. d4 Nf6 2. e3 e6 3. f4 c5 4. c3 Nc6 5. Bd3 cxd4 6. exd4 b6 7. Nf3
Bb7 8. O-O Be7 9. Nbd2 Rc8 10. Qe1 O-O 11. Ng5 h6 12. Ngf3 Nd5 13. Ne5 Bh4 14.
Qe2 d6 15. Ng6 Re8 16. Nxh4 Qxh4 17. Ne4 Qd8 18. f5 Nf6 19. Nxf6+ Qxf6 20. fxe6
Qxe6 21. Qf3 Rc7 22. d5 Ne5 23. dxe6 Nxf3+ 24. gxf3 Rxe6 25. Bd2 Rce7 26. Rae1
Rxe1 27. Rxe1 Rxe1+ 28. Bxe1 Bxf3 29. Bg3 Bd5 30. c4 Bc6 31. Bxd6 a6 32. c5 b5
33. Kf2 f6 34. Bg6 a5 35. Ke3 b4 36. Be4 Bd7 37. c6 Be6 38. Kd4 Bxa2 39. Bd5+
1-0

[Event "Lansing (MI Op/6/11)"]
[Site "?"]
[Date "1997.??.??"]
[Round "?"]
[White "Garrison, Ray"]
[Black "Randall, Paul"]
[Result "0-1"]
[WhiteElo "1965"]
[BlackElo "1940"]
[PlyCount "53"]
[EventDate "1997.??.??"]

{6/(11)} 1. d4 Nf6 2. e3 g6 3. f4 Bg7 4. Nf3 d6 5. Bd3 O-O 6. O-O Nc6 7. c3 e5
8. e4 exd4 9. Nxd4 Ne7 10. Nd2 c5 11. N4f3 Rb8 12. e5 dxe5 13. Nxe5 Ng4 14.
Ndf3 b5 15. Qe2 c4 16. Be4 Qb6+ 17. Kh1 f6 18. Nxg4 Bxg4 19. h3 Bf5 20. Nd4
Rfe8 21. Nxf5 Nxf5 22. Bd5+ Kh8 23. Qf3 Rbd8 24. Rd1 Bf8 25. g4 Rxd5 26. Rxd5
Re1+ 27. Kh2 0-1

[Event "Lansing (MI Op/2/3)"]
[Site "?"]
[Date "1997.??.??"]
[Round "?"]
[White "Garrison, Ray"]
[Black "Rajlich, Vasik"]
[Result "0-1"]
[WhiteElo "1965"]
[BlackElo "2275"]
[PlyCount "78"]
[EventDate "1997.??.??"]

{2/(3)} 1. d4 Nf6 2. f4 g6 3. Nf3 Bg7 4. e3 O-O 5. Bd3 b6 6. O-O c5 7. c3 Ba6
8. e4 d5 9. e5 Ne4 10. Bxa6 Nxa6 11. Nbd2 cxd4 12. Nxe4 dxe4 13. Nxd4 Nc5 14.
Qe2 f6 15. exf6 exf6 16. b4 Na4 17. Ne6 Nxc3 18. Qe1 Qd3 19. Nxf8 Rxf8 20. Qd2
Ne2+ 21. Kh1 Ng3+ 22. hxg3 Qxf1+ 23. Kh2 Qd3 24. Qxd3 exd3 25. Bd2 f5 26. Re1
Bd4 27. b5 Kf7 28. Bb4 Bc5 29. Bc3 Rd8 30. a4 d2 31. Rd1 Rd3 32. Rxd2 Rxc3 33.
Rd7+ Kg8 34. Rxa7 Ra3 35. Ra8+ Kg7 36. Ra7+ Kh6 37. Ra8 Bf2 38. Ra6 Kh5 39. Kh3
h6 0-1

[Event "Kalamazoo (MI Am/2/4)"]
[Site "?"]
[Date "1997.??.??"]
[Round "?"]
[White "Garrison, Ray"]
[Black "Foord, Allan"]
[Result "0-1"]
[WhiteElo "1920"]
[BlackElo "1605"]
[PlyCount "143"]
[EventDate "1997.??.??"]

{2/(4)} 1. e4 c5 2. Nc3 Nf6 3. e5 Ng8 4. f4 Nc6 5. Nf3 e6 6. d4 cxd4 7. Nxd4
Bc5 8. Ndb5 Qb6 9. Ne4 Be3 10. Nbd6+ Kf8 11. Nc4 Qd4 12. Bxe3 Qxe4 13. Qd3 Qxd3
14. cxd3 Nge7 15. Bc5 b6 16. Ba3 g6 17. Be2 b5 18. Bxe7+ Kxe7 19. Nd6 Nd4 20.
Rc1 Nxe2 21. Kxe2 Ba6 22. Rc7 b4 23. Ke3 Rhb8 24. Rhc1 Bb5 25. R1c5 a6 26. d4
h5 27. g3 Bf1 28. Kf2 Bd3 29. Ke3 Bf1 30. h4 Bb5 31. Kd2 Bf1 32. Kc2 a5 33. Kd2
Bg2 34. Kd3 Bf1+ 35. Ke3 Bg2 36. Kf2 Bh3 37. Ne4 Bf5 38. Nf6 Rd8 39. Rb5 Bb1
40. a3 bxa3 41. bxa3 Bd3 42. Rbb7 Ba6 43. Rxd7+ Rxd7 44. Rxd7+ Kf8 45. d5 exd5
46. Rxd5 Bc4 47. Rd7 a4 48. Rc7 Be6 49. Ne4 Rb8 50. Nc5 Rb2+ 51. Ke3 Bb3 52.
Rb7 Ra2 53. Nxb3 Rxa3 54. Kd4 axb3 55. Kc3 b2+ 56. Kxb2 Rxg3 57. f5 gxf5 58.
Rb8+ Kg7 59. Rb7 Re3 60. Rb5 Re4 61. Kc2 Rxh4 62. Rb1 Re4 63. Rg1+ Kh6 64. Rg8
Rxe5 65. Rh8+ Kg5 66. Rg8+ Kh4 67. Kd3 f4 68. Kd4 Re7 69. Kd3 f3 70. Rg7 f2 71.
Rg8 f1=Q+ 72. Kd2 0-1

[Event "Tecumseh (RVO/3/24)"]
[Site "?"]
[Date "1997.??.??"]
[Round "?"]
[White "Funderburg, James"]
[Black "Vasos, Brandon"]
[Result "1-0"]
[WhiteElo "1605"]
[BlackElo "1605"]
[PlyCount "41"]
[EventDate "1997.??.??"]

{3/(24)} 1. e4 b6 2. f4 Bb7 3. d3 g6 4. Nf3 Bg7 5. Be2 Nc6 6. O-O Nf6 7. Nc3
O-O 8. Ng5 d5 9. e5 Nh5 10. Bxh5 gxh5 11. Qxh5 h6 12. Nf3 d4 13. Ne4 Nb4 14. f5
Nxc2 15. Bxh6 Re8 16. Bxg7 Kxg7 17. Qg5+ Kh7 18. Qh5+ Kg7 19. Neg5 Rh8 20.
Qxf7+ Kh6 21. Qg6# 1-0

[Event "Tecumseh (RVO/1/20)"]
[Site "?"]
[Date "1997.??.??"]
[Round "?"]
[White "Funderburg, James"]
[Black "Foord, Allan"]
[Result "0-1"]
[WhiteElo "1605"]
[BlackElo "1605"]
[PlyCount "98"]
[EventDate "1997.??.??"]

{1/(20)} 1. e4 c5 2. Nf3 d6 3. Be2 Nc6 4. d4 cxd4 5. Nxd4 Nf6 6. Nc3 a6 7. O-O
e6 8. Bg5 Be7 9. Qd2 h6 10. Bh4 Nxe4 11. Nxe4 Bxh4 12. Qc3 Nxd4 13. Qxd4 Bf6
14. Nxd6+ Kf8 15. Qb4 a5 16. Qa3 Bxb2 17. Qxb2 Qxd6 18. Rad1 Qe7 19. Qb6 Kg8
20. Bb5 Kh7 21. Bd3+ g6 22. Qe3 Rd8 23. Qf3 Kg7 24. Qg3 Qd6 25. Rd2 Qxg3 26.
fxg3 Bd7 27. Rdf2 Be8 28. g4 Rd4 29. Be2 Rc8 30. Bf3 b5 31. h4 Ra4 32. h5 gxh5
33. gxh5 Rxa2 34. Be4 b4 35. Rf3 Rc5 36. Rg3+ Rg5 37. Rxg5+ hxg5 38. Kf2 Ba4
39. Rh1 Kh6 40. g4 Bxc2 41. Bxc2 Rxc2+ 42. Kg3 a4 43. Rf1 Rc7 44. Rb1 b3 45.
Rf1 b2 46. Rf6+ Kg7 47. h6+ Kxf6 48. h7 Kg7 49. h8=Q+ Kxh8 0-1

[Event "Michigan Team"]
[Site "Ann Arbor, MI"]
[Date "1997.??.??"]
[Round "2.23"]
[White "Fuller, William"]
[Black "Solon, Nathan"]
[Result "1-0"]
[WhiteElo "2105"]
[BlackElo "1810"]
[PlyCount "73"]
[EventDate "1997.??.??"]

{2/2} 1. d4 Nf6 2. Nf3 d5 3. Bg5 Ne4 4. Bh4 c5 5. c3 Qb6 6. Qc1 Nc6 7. e3 cxd4
8. exd4 Bf5 9. Nbd2 Rc8 10. Be2 g5 11. Nxe4 dxe4 12. Qxg5 Qxb2 13. O-O Bg6 14.
Nd2 Qxc3 15. Nb3 f6 16. Qg4 Rd8 17. Rfd1 f5 18. Qg5 Nxd4 19. Nxd4 Rxd4 20. Rac1
Rxd1+ 21. Rxd1 Qb4 22. Bh5 Kf7 23. Qxf5+ Kg7 24. Qe5+ Kg8 25. Bg4 h6 26. Bf5
Bxf5 27. Qxf5 Rh7 28. Bg3 Qc4 29. h3 Qxa2 30. Qxe4 b5 31. Be5 Qe6 32. Rd8 Rf7
33. Ra8 a6 34. f4 h5 35. Qd3 Qf5 36. Qg3+ Kh7 37. Rxf8 1-0

[Event "Michigan Team"]
[Site "Ann Arbor, MI"]
[Date "1997.??.??"]
[Round "1.23"]
[White "Fuller, William"]
[Black "Chrzan, Anthony"]
[Result "1-0"]
[WhiteElo "2105"]
[BlackElo "1605"]
[PlyCount "55"]
[EventDate "1997.??.??"]

{1/2} 1. d4 d5 2. Nf3 Nc6 3. c4 dxc4 4. Nc3 e6 5. e4 Bb4 6. Bxc4 Nf6 7. Bd3 a6
8. O-O Ba5 9. Bg5 h6 10. Bxf6 Qxf6 11. d5 exd5 12. exd5 Nd4 13. Nxd4 Qxd4 14.
Bb5+ axb5 15. Qxd4 O-O 16. Rfe1 b4 17. Ne4 Bf5 18. Re3 Bb6 19. Nc5 Ra5 20. Rg3
f6 21. Rc1 Rxa2 22. d6 Rd8 23. Qc4+ Kf8 24. Qxa2 Rxd6 25. Qa8+ Kf7 26. Re1 g5
27. Qe8+ Kg7 28. Re7# 1-0

[Event "Kalamazoo (MI Am/2/14)"]
[Site "?"]
[Date "1997.??.??"]
[Round "?"]
[White "Freeman, C."]
[Black "Steen, Harold"]
[Result "1-0"]
[WhiteElo "1605"]
[BlackElo "1780"]
[PlyCount "95"]
[EventDate "1997.??.??"]

{2/(14)} 1. e4 c5 2. Nf3 e6 3. c3 Nf6 4. e5 Nd5 5. Be2 Nf4 6. O-O Nxe2+ 7. Qxe2
d5 8. d4 c4 9. b3 b5 10. Nbd2 Nc6 11. a4 Qa5 12. b4 Qb6 13. axb5 Qxb5 14. Nb1
a5 15. Na3 Qb6 16. b5 Bxa3 17. Bxa3 Qxb5 18. Rfb1 Qa6 19. Bc5 Bd7 20. Rb6 Qc8
21. Rab1 a4 22. Qa2 Na5 23. Nd2 Nb3 24. Nxb3 axb3 25. Qb2 Ra2 26. Qc1 h6 27. h3
Qa8 28. Bd6 Bc8 29. Rb8 Qa6 30. Qd1 Rc2 31. Ra1 Ra2 32. Rxa2 bxa2 33. Qa1 Kd7
34. Rb2 Bb7 35. Rxa2 Qc6 36. Ra5 Ra8 37. Rxa8 Bxa8 38. Qa7+ Qb7 39. Qxb7+ Bxb7
40. Bf8 g6 41. Bxh6 Kc6 42. h4 Kb5 43. g4 Ka4 44. h5 Kb3 45. Bd2 gxh5 46. gxh5
Kc2 47. Be1 Kd1 48. h6 1-0

[Event "Kalamazoo (MI Am/4/11)"]
[Site "?"]
[Date "1997.??.??"]
[Round "?"]
[White "Freeman, C."]
[Black "Grzegorczyk, Ron"]
[Result "1/2-1/2"]
[WhiteElo "1605"]
[BlackElo "1640"]
[PlyCount "75"]
[EventDate "1997.??.??"]

{4/(11)} 1. e4 c5 2. Nf3 Nc6 3. Bb5 a6 4. Bxc6 bxc6 5. c3 g6 6. d4 cxd4 7. cxd4
Bg7 8. O-O d6 9. Nc3 Nf6 10. e5 dxe5 11. dxe5 Nd5 12. Qa4 Bd7 13. Qc4 O-O 14.
Nxd5 cxd5 15. Qxd5 Bb5 16. Qxd8 Rfxd8 17. Re1 Rac8 18. Bf4 Rc2 19. b3 Rdc8 20.
Rec1 h6 21. Rxc2 Rxc2 22. Nd4 Rc5 23. Nxb5 axb5 24. Re1 g5 25. Bg3 Rc2 26. a4
bxa4 27. bxa4 Ra2 28. h4 Rxa4 29. hxg5 hxg5 30. Rd1 Ra5 31. Re1 Kh7 32. Bh2 Kg6
33. g4 e6 34. Kg2 Bf8 35. Kf3 Ra3+ 36. Ke4 Ra4+ 37. Kf3 Ra3+ 38. Kg2 1/2-1/2

[Event "Tecumseh (RVO/2/17)"]
[Site "?"]
[Date "1997.??.??"]
[Round "?"]
[White "Frantz, John W"]
[Black "Shukla, Ravi"]
[Result "1-0"]
[WhiteElo "1605"]
[BlackElo "1605"]
[PlyCount "105"]
[EventDate "1997.??.??"]

{2/(17)} 1. b4 e5 2. b5 Bc5 3. Bb2 d6 4. e3 Nf6 5. c4 O-O 6. a3 Bf5 7. d4 Bb6
8. Bd3 e4 9. Bc2 c5 10. d5 Re8 11. Ne2 Nbd7 12. O-O Qe7 13. Ng3 Bg4 14. Qc1 Ne5
15. Nd2 Ba5 16. Ngxe4 Bxd2 17. Nxd2 Be2 18. Re1 Bxc4 19. Nxc4 Nxc4 20. Bxf6
Qxf6 21. Bxh7+ Kxh7 22. Qxc4 Rh8 23. Qf4 Qe7 24. a4 Kg8 25. h3 Rh4 26. Qf3 Rc8
27. g4 c4 28. Qg3 c3 29. f4 Rh6 30. g5 Rg6 31. h4 f6 32. h5 Qf7 33. e4 fxg5 34.
hxg6 Qxg6 35. Qxg5 Qf7 36. Qg4 Rc7 37. Qe6 c2 38. Rac1 Qxe6 39. dxe6 Kf8 40.
Re2 Re7 41. f5 a5 42. Rcxc2 g5 43. Rh2 Kg7 44. Rcd2 b6 45. Rxd6 g4 46. e5 g3
47. Rg2 Rxe6 48. Rxg3+ Kf7 49. Rxe6 Kf8 50. Rc3 Kf7 51. Rc7+ Kf8 52. Rxb6 Ke8
53. Rb8# 1-0

[Event "Tecumseh (RVO/4/8)"]
[Site "?"]
[Date "1997.??.??"]
[Round "?"]
[White "Frantz, John W"]
[Black "Hill, Brad"]
[Result "0-1"]
[WhiteElo "1605"]
[BlackElo "1810"]
[PlyCount "30"]
[EventDate "1997.??.??"]

{4/(8)} 1. Nf3 Nf6 2. c4 e6 3. Nc3 c5 4. e3 d5 5. d4 cxd4 6. Nxd4 Bb4 7. Bd2
dxc4 8. Bxc4 O-O 9. O-O a6 10. Qa4 Bc5 11. Nb3 Ba7 12. Be2 b5 13. Qh4 Bb7 14.
Rfd1 Nd5 15. Ne4 Qxh4 0-1

[Event "Tecumseh (RVO/2/1)"]
[Site "?"]
[Date "1997.??.??"]
[Round "?"]
[White "Foord, Allan"]
[Black "Tsemekhman, Vadim"]
[Result "0-1"]
[WhiteElo "1605"]
[BlackElo "2505"]
[PlyCount "104"]
[EventDate "1997.??.??"]

{2/(1)} 1. e4 c6 2. d4 d5 3. exd5 cxd5 4. Bd3 Nc6 5. c3 Nf6 6. Bf4 Bg4 7. Qb3
Na5 8. Qa4+ Bd7 9. Qc2 e6 10. Nd2 Rc8 11. Ngf3 a6 12. a4 Nc6 13. Qb1 Nh5 14.
Be3 Bd6 15. O-O Nf4 16. Bc2 h6 17. Re1 Qc7 18. Bb3 O-O 19. c4 dxc4 20. Nxc4 Nd5
21. Nxd6 Qxd6 22. Bd2 Nf6 23. Bc3 Rfd8 24. Qd3 Be8 25. Rad1 Nb4 26. Qd2 Nbd5
27. Bxd5 Nxd5 28. a5 Ba4 29. Ra1 Bc6 30. Ne5 Nf6 31. Nxc6 Rxc6 32. Rec1 Nd5 33.
Ra3 Nxc3 34. Raxc3 Qb4 35. Qc2 Qxd4 36. Rxc6 bxc6 37. h3 Rd6 38. Re1 Qb4 39.
Qc3 Qxc3 40. bxc3 Rd5 41. Ra1 Rc5 42. Ra3 e5 43. f3 f5 44. Kf2 Kf7 45. g3 Ke6
46. Ke3 g5 47. Kd3 Rd5+ 48. Ke3 Kd6 49. c4 Rd4 50. Rd3 Rxd3+ 51. Kxd3 Kc5 52.
Kc3 e4 0-1

[Event "Michigan Senior"]
[Site "Ann Arbor, MI"]
[Date "1997.??.??"]
[Round "1.3"]
[White "Foord, Allan"]
[Black "Pence, Mark"]
[Result "0-1"]
[WhiteElo "1605"]
[BlackElo "2065"]
[PlyCount "80"]
[EventDate "1997.??.??"]

{1/(3)} 1. e4 c5 2. Nf3 d6 3. d4 cxd4 4. Nxd4 Nf6 5. Nc3 g6 6. Be3 Bg7 7. f3
O-O 8. Qd2 Nc6 9. Bc4 Na5 10. Bd3 a6 11. O-O-O b5 12. h4 e5 13. Nde2 Be6 14.
Kb1 h5 15. Bh6 Qb6 16. Qe3 Qb7 17. Bxg7 Kxg7 18. Rhg1 Rab8 19. g3 Rfc8 20. f4
Nc4 21. Qc1 b4 22. Nd5 Bxd5 23. exd5 Na5 24. fxe5 dxe5 25. Qe3 Re8 26. Be4 Nc4
27. Qb3 Nd6 28. Bg2 Qb5 29. Bf1 Qb6 30. a3 a5 31. axb4 axb4 32. Bh3 Qa6 33. Qd3
Qa4 34. Qb3 Qa5 35. g4 Ra8 36. Kc1 Nfe4 37. c3 bxc3 38. Nxc3 Nxc3 39. bxc3 Reb8
40. Qc2 Nc4 0-1

[Event "Tecumseh (RVO/4/14)"]
[Site "?"]
[Date "1997.??.??"]
[Round "?"]
[White "Foord, Allan"]
[Black "McNair, Shawn"]
[Result "0-1"]
[WhiteElo "1605"]
[BlackElo "1605"]
[PlyCount "54"]
[EventDate "1997.??.??"]

{4/(14)} 1. e4 d5 2. exd5 Qxd5 3. Nc3 Qa5 4. d4 c6 5. Bc4 Nf6 6. Bd2 Qb6 7. Bc1
Bf5 8. Nf3 e6 9. O-O Bd6 10. Re1 Bg4 11. Be2 Bxf3 12. Bxf3 Qc7 13. g3 h5 14.
Bg5 Nbd7 15. Qe2 O-O-O 16. Ne4 Be7 17. Bf4 Qb6 18. Ng5 Rdg8 19. c3 Nd5 20. Nxe6
fxe6 21. Qxe6 Bd8 22. Bxd5 cxd5 23. Qxd5 h4 24. Re7 Bxe7 25. Qc4+ Kd8 26. d5
hxg3 27. Bxg3 Bd6 0-1

[Event "Lansing (MOR/2/34)"]
[Site "?"]
[Date "1997.??.??"]
[Round "?"]
[White "Foord, Allan"]
[Black "Krzyston, Joe"]
[Result "1-0"]
[WhiteElo "1605"]
[BlackElo "1605"]
[PlyCount "49"]
[EventDate "1997.??.??"]

{2/(34)} 1. e4 c5 2. Nf3 Nf6 3. e5 Nd5 4. d4 e6 5. c4 Nb4 6. a3 N4c6 7. Be3 d6
8. Nc3 d5 9. cxd5 exd5 10. dxc5 Bg4 11. Qxd5 Be6 12. Qxd8+ Nxd8 13. Bb5+ Bd7
14. O-O-O a6 15. Bxd7+ Nxd7 16. Rd2 Be7 17. Rhd1 O-O 18. Rxd7 Re8 19. Nd5 Bxc5
20. Bxc5 Rc8 21. Rc7 Ne6 22. Rxc8 Rd8 23. Rxd8+ Nxd8 24. Ne7+ Kf8 25. Rxd8# 1-0

[Event "Kalamazoo (MI Am/3/6)"]
[Site "?"]
[Date "1997.??.??"]
[Round "?"]
[White "Foord, Allan"]
[Black "Jendras, Gerard"]
[Result "0-1"]
[WhiteElo "1605"]
[BlackElo "1860"]
[PlyCount "116"]
[EventDate "1997.??.??"]

{3/(6)} 1. e4 e5 2. Nf3 Nc6 3. Bb5 a6 4. Ba4 Nf6 5. O-O Be7 6. Re1 b5 7. Bb3
O-O 8. a4 Bb7 9. d3 d6 10. c3 Na5 11. Bc2 c5 12. b4 Nc6 13. axb5 axb5 14. Rxa8
Qxa8 15. Bd2 Qa1 16. bxc5 dxc5 17. Qc1 Ra8 18. Bb3 Rd8 19. Qc2 Qa6 20. h3 c4
21. dxc4 bxc4 22. Ba4 Nd7 23. Bg5 f6 24. Be3 Nc5 25. Bxc6 Bxc6 26. Nbd2 Nd3 27.
Rb1 Kf7 28. Rb6 Qa1+ 29. Kh2 Ba4 30. Ra6 Nb2 31. Qb1 Qxb1 32. Nxb1 Rd1 33. Nbd2
Bb3 34. Ra7 Ke8 35. Ra3 Nd3 36. Nxb3 cxb3 37. Rxb3 Bc5 38. Bxc5 Nxc5 39. Rb8+
Ke7 40. Rc8 Nxe4 41. Rc7+ Rd7 42. Rxd7+ Kxd7 43. Kg1 Nxc3 44. g4 Ne2+ 45. Kf1
Nf4 46. h4 Ke6 47. Ke1 e4 48. Nd2 Kd5 49. h5 Nd3+ 50. Ke2 Ne5 51. f3 exf3+ 52.
Nxf3 Nxg4 53. Nh4 Ke4 54. Nf3 Kf4 55. Nd4 Ke4 56. Nf3 Nh6 57. Kf2 Kf4 58. Nd4
Nf5 0-1

[Event "Lansing (MOR/4/21)"]
[Site "?"]
[Date "1997.??.??"]
[Round "?"]
[White "Foord, Allan"]
[Black "Hosking, R."]
[Result "0-1"]
[WhiteElo "1605"]
[BlackElo "1605"]
[PlyCount "82"]
[EventDate "1997.??.??"]

{4/(21)} 1. e4 c5 2. Nf3 Nc6 3. d4 cxd4 4. Nxd4 g6 5. Be3 Bg7 6. Qd2 Nf6 7. h3
O-O 8. Nc3 d6 9. Bc4 Bd7 10. O-O-O Ne5 11. Bb3 a6 12. h4 b5 13. g4 h5 14. gxh5
Nxh5 15. Rhg1 Rc8 16. Bh6 Nc4 17. Bxc4 Rxc4 18. Bxg7 Kxg7 19. Qg5 Rh8 20. Nd5
e6 21. Qxd8 Rxd8 22. Nb6 Rc7 23. Nxd7 Rdxd7 24. Rg5 Kh6 25. Rdg1 Nf4 26. Kd2
Nh3 27. f4 Nxg1 28. Rxg1 e5 29. Ne2 f6 30. b3 d5 31. exd5 Rxd5+ 32. Kc1 Rdc5
33. c3 exf4 34. Nxf4 Rxc3+ 35. Kb2 Rc2+ 36. Ka3 Rg7 37. Ne6 Re7 38. Nf4 g5 39.
hxg5+ fxg5 40. Rh1+ Kg7 41. Rg1 Re5 0-1

[Event "Kalamazoo (MI Am/5/8)"]
[Site "?"]
[Date "1997.??.??"]
[Round "?"]
[White "Foord, Allan"]
[Black "Dimond, A."]
[Result "0-1"]
[WhiteElo "1605"]
[BlackElo "1605"]
[PlyCount "50"]
[EventDate "1997.??.??"]

{5/(8)} 1. e4 c5 2. Nf3 d6 3. d4 cxd4 4. Nxd4 Nf6 5. Nc3 a6 6. Be2 e5 7. Nf3
Be7 8. O-O b5 9. a3 Bb7 10. Nd5 Nxe4 11. Be3 Nd7 12. b4 Bxd5 13. Qxd5 Nc3 14.
Qd2 Rc8 15. Bd3 d5 16. Bf5 f6 17. Qe1 g6 18. Be6 Rc6 19. Bd2 d4 20. Bb3 Kf8 21.
Bxc3 Rxc3 22. Qe4 Nb6 23. Rfe1 Nc4 24. Nd2 Nxd2 25. Qh4 Kg7 0-1

[Event "Lansing (MOR/5/28)"]
[Site "?"]
[Date "1997.??.??"]
[Round "?"]
[White "Foord, Allan"]
[Black "Carpenter, O."]
[Result "1-0"]
[WhiteElo "1605"]
[BlackElo "1605"]
[PlyCount "89"]
[EventDate "1997.??.??"]

{5/(28)} 1. e4 c5 2. Nf3 Nc6 3. d4 cxd4 4. Nxd4 e5 5. Nf3 d6 6. Bc4 Be6 7. Qe2
Qd7 8. Nc3 Nf6 9. Bg5 Be7 10. Rd1 h6 11. Bh4 a6 12. h3 Rc8 13. Bxf6 gxf6 14.
Nd5 Bxd5 15. Bxd5 b5 16. Rd2 Bf8 17. Nh4 Rg8 18. Qf3 Ne7 19. Qxf6 Nxd5 20. exd5
Bg7 21. Qf5 Qxf5 22. Nxf5 Rd8 23. Nxg7+ Rxg7 24. g3 Kd7 25. Ke2 Re8 26. Rd3 Rc8
27. Rc1 h5 28. c4 Rgg8 29. Ra3 Rxc4 30. Rxc4 bxc4 31. Rxa6 Rc8 32. Ra7+ Rc7 33.
Rxc7+ Kxc7 34. Ke3 Kb6 35. Ke4 Kc5 36. g4 hxg4 37. h4 f5+ 38. Kxf5 Kxd5 39.
Kxg4 Ke6 40. a4 d5 41. Kf3 d4 42. a5 e4+ 43. Kxe4 c3 44. bxc3 dxc3 45. Kd3 1-0